Music Quiz

Random Music or The Beatles Quiz

Beatles Songs Names Opposites Quiz Stats

Quiz not verified by Sporcle

Challenge
Share
Tweet
Embed
Score 0/20 Timer 05:00
0 Plays Today
Opposite of Beatles song Beatles Song % Correct
tomorrowYesterday
99.4%
a night in the deathA Day in the Life
93.9%
can buy me hatredCan't Buy Me Love
92.7%
everywhere womanNowhere Man
92.7%
Goodbye, HelloHello, Goodbye
92.7%
An easy night's dayA Hard Day's Night
92.1%
I'm not the PelicanI am the Walrus
90.9%
while my piano loudly laughsWhile My Guitar Gently Weeps
90.3%
Blackberry roads neverStrawberry Fields Forever
89.7%
Sgt. Salt's not lonely brains club bandSgt. Pepper's Lonely Hearts Club Band
89.1%
Opposite of Beatles song Beatles Song % Correct
Hate me don'tLove Me Do
87.9%
There doesn't come the moonHere Comes the Sun
87.3%
I don't want to hold your other handI Want to Hold Your Hand
86.7%
In your deathIn My Life
86.1%
Good bye JudithHey Jude
85.5%
five nights a yearEight Days a Week
85.5%
maxine's golden sawMaxwell's Silver Hammer
83.6%
Dime RoadPenny Lane
81.8%
whitedogBlackbird
80%
genius on the groundFool on the Hill
75.2%

You're not logged in!

Compare scores with friends on all Sporcle quizzes.
Join for Free
OR
Log In

You Might Also Like...

Show Comments

Extras

Top Quizzes Today


Score Distribution

Your Account Isn't Verified!

In order to create a playlist on Sporcle, you need to verify the email address you used during registration. Go to your Sporcle Settings to finish the process.

Report this User

Report this user for behavior that violates our Community Guidelines.

Details: